书目信息 |
| 题名: |
电机的DSP控制技术及其应用
|
|
| 作者: | 谢宝昌 , 任永德 编著 | |
| 分册: | ||
| 出版信息: | 北京 北京航空航天大学出版社 2005.03 |
|
| 页数: | 401页 | |
| 开本: | 26cm | |
| 丛书名: | ||
| 单 册: | ||
| 中图分类: | TM301.2 | |
| 科图分类: | ||
| 主题词: | 数字信号--shu zi xin hao--信号处理--应用--电机--控制 | |
| 电子资源: | ||
| ISBN: | 7-81077-548-0 | |
| 000 | 00922nam0 2200241 450 | |
| 001 | 010242733577 | |
| 005 | 20050830205543.50 | |
| 010 | @a7-81077-548-0@dCNY39.00 | |
| 100 | @a20050521d2005 km y0chiy0120 ea | |
| 101 | 0 | @achi |
| 102 | @aCN@b110000 | |
| 105 | @aa a 000yy | |
| 200 | 1 | @a电机的DSP控制技术及其应用@Adian ji de DSP kong zhi ji shu ji qi ying yong@f谢宝昌, 任永德编著@Fxie bao chang,ren yong de bian zhu |
| 210 | @a北京@c北京航空航天大学出版社@d2005.03 | |
| 215 | @a401页@c图@d26cm | |
| 320 | @a有书目。 | |
| 330 | @a本书以ADI公司嵌入式DSP芯片为核心,深入浅出地介绍了直流电机、感应电机、无刷直流电机、永磁同步电机、变磁阻步进电机和开关磁阻电机的DSP控制原理等。 | |
| 606 | 0 | @a数字信号@Ashu zi xin hao@x信号处理@x应用@x电机@x控制 |
| 690 | @aTM301.2@v4 | |
| 701 | 0 | @a谢宝昌@Axie bao chang@4编著 |
| 701 | 0 | @a任永德@Aren yong de@4编著 |
| 801 | 0 | @aCN@bQSSK@c20050830 |
| 905 | @a10447@dTM301.2@eX420 | |
| 电机的DSP控制技术及其应用/谢宝昌, 任永德编著.-北京:北京航空航天大学出版社,2005.03 |
| 401页:图;26cm |
| ISBN 7-81077-548-0:CNY39.00 |
| 本书以ADI公司嵌入式DSP芯片为核心,深入浅出地介绍了直流电机、感应电机、无刷直流电机、永磁同步电机、变磁阻步进电机和开关磁阻电机的DSP控制原理等。 |
| ● |
| 相关链接 |
|
|
|
正题名:电机的DSP控制技术及其应用
索取号:TM301.2/X420
 
预约/预借
| 序号 | 登录号 | 条形码 | 馆藏地/架位号 | 状态 | 备注 |
| 1 | 565396 | 205653960 | 自科库301/301自科库 11排1列4层/ [索取号:TM301.2/X420] | 在馆 | |
| 2 | 565397 | 205653979 | 自科库301/301自科库 11排1列4层/ [索取号:TM301.2/X420] | 在馆 |